Farm Animals Exclusive - Statistics

General Stats
  • This quiz has been taken 24 times
  • The average score is 10 of 12
Answer Stats
Picture Answer % Correct
Cow
100%
Duck
100%
Goose
100%
Horse
100%
Pig
100%
Bull
95%
Donkey
95%
Goat
95%
Sheep
95%
Turkey
89%
Farm Cat
21%
Herding Dog
11%
No matching quizzes found
Score Distribution
Percent of People with Each Score
Percentile by Number Answered
Your Score History
You have not taken this quiz